• 首页
  • 本馆介绍
  • 公告通知
  • 最新文献
  • 馆藏检索
  • 电子资源
  • 读者导购
  • 参考咨询
  • 我的图书馆
  • 登录
  • 详细信息显示
  • 放入我的书架
  • 预约/预借图书
  • 作者相关作品
  • 分类相关作品
  • 丛书相关作品
  • 出版社相关作品

书目信息

  • 表格格式
  • 工作单格式
  • 卡片格式
书名: Sense and nonsense about crime and drugs
作者: Samuel Walker.
分册号:
分册名:
出版地: Australia ;
 
出版社: Wadsworth
出版时间: c1998.
页数: xx, 288 p. :
开本: 24 cm.
丛书名: The Wadsworth contemporary issues in crime and justice series
中图分类号:
科图分类号:
其他分类号: D771.288
主题词:
电子资源:
000 01527nam 22000289i 450
001 0206117411
005 20070319092350.67
008 000412m19989999 a b 001 0
020    @a0534554369 (alk. paper).
020    @a9780534554361 (alk. paper).
041    @aeng
050    @aHV9950@b.W35 2001
082 04 @a364.4/056/0973@221
090    @aD771.288
099    @dD771.288@ex19=4
100 1  @aWalker@cSamuel,@d1942-
245 10 @aSense and nonsense about crime and drugs / @cSamuel Walker.
250    @ax4h ed.
260 1  @aAustralia ;@aBelmont, CA :@bWadsworth,@cc1998.
300    @axx, 288 p. :@bill. ;@c24 cm.
440  0 @aThe Wadsworth contemporary issues in crime and justice series
504    @aIncludes bibliographical references and index.
505 1  @aI. Thinking clearly about crime. Crime and policy: a complex problem. Models of criminal justice. The going rate. The career criminal -- II. "Get Tough": The conservative attack on crime. Unleash the cops! Deter the criminals. Lock 'em up. Close the loopholes -- III. The middle ground: Guns and victims. Protect crime victims. Control gun crimes -- IV. Reform: The liberal prescription. Treat 'em. Reform the law and the system -- V. The drug problem. Sense and nonsense about drugs -- VI. Conclusions. In the end: What works?
650  4 @aCrime prevention@zUnited States.
650  4 @aCriminal justice, Administration of@zUnited States.
650  4 @aDrug abuse and crime@zUnited States.
650  4 @aNarcotics, Control of@zUnited States.
    
    Sense and nonsense about crime and drugs / / Samuel Walker.-x4h ed.-Australia ; ; Belmont, CA : : Wadsworth, , c1998.
    xx, 288 p. : : ill. ; ; 24 cm.- (The Wadsworth contemporary issues in crime and justice series )
    Includes bibliographical references and index.-I. Thinking clearly about crime. Crime and policy: a complex problem. Models of criminal justice. The going rate. The career criminal -- II. "Get Tough": The conservative attack on crime. Unleash the cops! Deter the criminals. Lock 'em up. Close the loopholes -- III. The middle ground: Guns and victims. Protect crime victims. Control gun crimes -- IV. Reform: The liberal prescription. Treat 'em. Reform the law and the system -- V. The drug problem. Sense and nonsense about drugs -- VI. Conclusions. In the end: What works?
    
    ISBN 0534554369 (alk. paper).
    
●
相关链接 在E读中查询图书 在五车中查询图书 在当当中查询图书 在豆瓣中查询图书


正题名:Sense and nonsense about crime and drugs     索取号:D771.288/x19=4         预约/预借

序号 登录号 条形码 馆藏地/架位号 状态 备注
1 0001899   300018996   第二样本阅览室/ [索取号:D771.288/x19=4] 在馆    
唐山师范学院图书馆 欢迎您!
大连网信软件有限公司© 版权所有